Widok standardowy
Widok MARC
Pozycja Corporate Name
Liczba rekordów, w których użyto hasła: 1
001 - Numer kontrolny
- control field: 39673
003 - Identyfikator numeru kontrolnego
- control field: NUKAT
005 - Data i czas ostatniej modyfikacji
- control field: 20260408144653.0
008 - Dane kontrolne kodowane (40 znaków)
- fixed length control field: 020626n||a|znnaabn |a ana |c
010 ## - Numer kontrolny Biblioteki Kongresu
- numer kontrolny LC: n 2002011480
024 7# - OTHER STANDARD IDENTIFIER
- Standard number or code: 158826711
- Source of number or code: viaf
024 7# - OTHER STANDARD IDENTIFIER
- Standard number or code: 0000000110091397
- Source of number or code: isni
040 ## - Instytucja sporządzająca rekord
- inst. przygot. dane do rek. khw: KR 295/AD
- język haseł przedmiotowych/tezaurus: kaba
- inst. wprow. rek. khw: KR 295/AD
- inst. modyf. rek. khw: WA U/MGW
- inst. modyf. rek. khw: KR 295/SP
- inst. modyf. rek. khw: SZCZ M/ESZ
110 2# - Hasło - nazwa ciała zbiorowego
- nazwa ciała zbior. lub geogr. na pocz.: Instytut Prymasowski Stefana Kardynała Wyszyńskiego.
410 2# - Trop zob. - nazwa ciała zbiorowego
- nazwa ciała zbior. lub geogr. na pocz.: Instytut Prymasowski w Warszawie.
510 2# - Trop zob. też - nazwa ciała zbiorowego
- podpole kontrolne: a
- nazwa ciała zbior. lub geogr. na pocz.: Instytut Prymasowski Ślubów Narodu.
665 ## - Nota historyczna
- nota historyczna: Instytut Prymasowski Ślubów Narodu erygowany przez kardynała Stefana Wyszyńskiego i Episkopat Polski 3 maja 1957. Od 1993 nazwa: Instytut Prymasowski Stefana Wyszyńskiego.
670 ## - Źródło informacji
- źródło informacji: Na grani tysiącleci / oprac. i fotoskład Instytut Prymasowski Stefana Kardynała Wyszyńskiego. - Warszawa, 2001.
670 ## - Źródło informacji
- źródło informacji: http://www.wyszynskiprymas.com.pl
670 ## - Źródło informacji
- źródło informacji: Chrystus Wczoraj Dziś Zawsze. - Łomża, 2001.
- gdzie znaleziono informację: Teksty i zdjęcia.